LIBRARY ONLINE CATALOGUE

Psychology in diabetes care/ (Record no. 19575)

MARC details
000 -LEADER
fixed length control field 00436nam a22001457a 4500
008 - FIXED-LENGTH DATA ELEMENTS--GENERAL INFORMATION
fixed length control field 220927b |||||||| |||| 00| 0 eng d
020 ## - INTERNATIONAL STANDARD BOOK NUMBER
International Standard Book Number 0470023848
050 ## - LIBRARY OF CONGRESS CALL NUMBER
Classification number RC660
Item number .P79 2005
245 ## - TITLE STATEMENT
Title Psychology in diabetes care/
Statement of responsibility, etc. Edited by Frank J. Snoek & T. chas Skinner
250 ## - EDITION STATEMENT
Edition statement 2nd ed.
260 ## - PUBLICATION, DISTRIBUTION, ETC. (IMPRINT)
Place of publication, distribution, etc. England
Name of publisher, distributor, etc. John Wiley & Sons, Ltd
Date of publication, distribution, etc. 2005
300 ## - PHYSICAL DESCRIPTION
Extent xviii, 205p.
650 ## - SUBJECT ADDED ENTRY--TOPICAL TERM
Topical term or geographic name as entry element Diabetes
Form subdivision Psychological aspects
942 ## - ADDED ENTRY ELEMENTS (KOHA)
Source of classification or shelving scheme Library of Congress Classification
Koha item type General Collection
Holdings
Withdrawn status Lost status Source of classification or shelving scheme Not for loan Home library Current library Date acquired Cost, normal purchase price Total Checkouts Full call number Barcode Date last seen Copy number Price effective from Koha item type
    Library of Congress Classification   Kabarak, Main Campus Kabarak, Main Campus 27/09/2022 13417.00   RC660 .P79 2005 C.1 031882 27/09/2022 C.1 27/09/2022 General Collection